| 000 | 00451nam a22001817a 4500 | ||
|---|---|---|---|
| 003 | CEME | ||
| 005 | 20210628204058.0 | ||
| 008 | 210125b xxu||||| |||| 00| 0 eng d | ||
| 020 | _a0-8493-1956-0 | ||
| 040 | _c. | ||
| 082 | _a621.3132 LUO | ||
| 100 |
_aLuo, Fang Lin:Ye, Hong _968619 |
||
| 245 | _aAdvanced dc/dc converters | ||
| 260 |
_aNEW YORK _bCRC PRESS _c2003 |
||
| 300 | _a760P | ||
| 650 |
_aDC TO DC CONVERTERS _968620 |
||
| 942 |
_cBK _2ddc |
||
| 999 |
_c576144 _d576144 |
||